| 000 -CABECERA |
| campo de control de longitud fija |
01286cam a2200229 a 4500 |
| 001 - NÚMERO DE CONTROL |
| campo de control |
317557 |
| 003 - IDENTIFICADOR DEL NÚMERO DE CONTROL |
| campo de control |
CO-MqBPB |
| 005 - FECHA Y HORA DE LA ÚLTIMA TRANSACCIÓN |
| campo de control |
20221130161440.0 |
| 008 - DATOS DE LONGITUD FIJA--INFORMACIÓN GENERAL |
| campo de control de longitud fija |
030822s1971 us a jr 00011 spa d |
| 020 ## - NÚMERO INTERNACIONAL ESTÁNDAR DEL LIBRO |
| Número Internacional Estándar del Libro |
9789583062698 |
| 035 ## - NÚMERO DE CONTROL DEL SISTEMA |
| Número de control de sistema |
AHR7558 LA |
| 040 ## - FUENTE DE LA CATALOGACIÓN |
| Centro catalogador/agencia de origen |
CO-MqBPB |
| Centro/agencia transcriptor |
CO-MqBPB |
| Lengua de catalogación |
spa |
| 041 1# - CÓDIGO DE LENGUA |
| Código de lengua del texto/banda sonora o título independiente |
spa |
| Código de lengua original |
eng |
| 043 ## - CÓDIGO DE ÁREA GEOGRÁFICA |
| Código de área geográfica |
n-us--- |
| 082 04 - NÚMERO DE LA CLASIFICACIÓN DECIMAL DEWEY |
| Número de clasificación |
C |
| Número de documento/Ítem |
CASe |
| 245 13 - MENCIÓN DE TÍTULO |
| Título |
La Economia de María / |
| Mención de responsabilidad, etc. |
Telma Guimaräes Castro Andrade ; Ilustraciones de Silvana Rando |
| 260 ## - PUBLICACIÓN, DISTRIBUCIÓN, ETC. |
| Lugar de publicación, distribución, etc. |
Bogotá D.C. , Colombia : |
| Nombre del editor, distribuidor, etc. |
Panamericana Editorial, |
| Fecha de publicación, distribución, etc. |
2021. |
| 300 ## - DESCRIPCIÓN FÍSICA |
| Extensión |
32 páginas. : |
| Otras características físicas |
il. ; |
| Dimensiones |
23 cm. |
| 500 ## - NOTA GENERAL |
| Nota general |
Ahorrar es una experiencia que Helena aborrece: ¿para qué guardar monedas, si hay tantos juguetes lindos por comprar El problema se presenta cuando se presenta algo que realmente quiere. Entonces, debe mirar a su hermana María, quien siempre tiene algo ahorrado porque espera para gastárselo en cosas que valgan la pena. Un hermoso libro ilustrado para compartir con los más pequeños acerca de la importancia de ahorrar y de darle un valor al dinero, y que los llevará a reflexionar que siempre es mejor tener algo guardado para los momentos en que verdaderamente pasamos por dificultades o queremos darle algo a alguien que amamos. |
| 942 ## - ELEMENTOS DE PUNTO DE ACCESO ADICIONAL (KOHA) |
| Fuente del sistema de clasificación o colocación |
|
| Tipo de ítem Koha |
Libro Literatura |
| 949 ## - PROCESAMIENTO DE INFORMACIÓN LOCAL (OCLC) |
| a |
n |
| b |
n |